Miasta w Czechach powyżej 100 tys. mieszkańców - Statystyki

Ogólne statystyki
  • Ten quiz został rozwiązany 94 razy
  • Średni wynik to 5 z 6
Statystyki odpowiedzi
Hint Odpowiedź % Poprawnych
1 357 326 Praga
99%
396 101 Brno
94%
283 504 Ostrawa
85%
181 240 Pilzno
76%
107 389 Liberec
63%
101 825 Ołomuniec
62%
Nie znaleziono quizów pasujących do podanych kryteriów
Rozkład punktacji
Procent ludzi z każdym wynikiem
Percentyl według liczby udzielonych odpowiedzi
Twoja historia wyników
Nie rozwiązałeś tego quizu